[Event "GER-chT U12"]
[Site "Muenchen"]
[Date "2022.12.30"]
[Round "7"]
[White "Rokhmanova, Vitalina"]
[Black "Arndt, Niklas"]
[Result "1-0"]
[WhiteElo "1312"]
[BlackElo "1171"]
[PlyCount "87"]
[EventDate "2022.12.26"]
[EventType "team-swiss"]
[EventRounds "7"]
[EventCountry "GER"]
[SourceTitle "CBM 212 Extra"]
[Source "ChessBase"]
[SourceDate "2023.03.31"]
[SourceVersion "1"]
[SourceVersionDate "2023.03.31"]
[SourceQuality "1"]
[WhiteTeam "Dresden Striesen"]
[BlackTeam "Heilbronn"]
[WhiteTeamCountry "GER"]
[BlackTeamCountry "GER"]

1. e4 e5 2. Nf3 Nc6 3. Bc4 Bc5 4. c3 Nf6 5. d3 h6 6. h3 d5 7. exd5 Nxd5 8. Qe2 f6 9. d4 Bb6 10. dxe5 fxe5 11. Nxe5 Nxe5 12. Qxe5+ Ne7 13. 0-0 Bf5 14. Bf4 Qd7 15. Re1 0-0-0 16. Qxe7 Qc6 17. Na3 Rhf8 18. Bg3 Bd7 19. Rad1 Bc5 20. Qe4 Qf6 21. Re2 Rde8 22. Qd3 Rxe2 23. Qxe2 Bc6 24. Qe6+ Qxe6 25. Bxe6+ Kb8 26. Nc4 g5 27. Ne5 h5 28. Rd2 a6 29. Bd7 Be4 30. Ba4 Ka7 31. Bb3 Bb6 32. Nf7 g4 33. hxg4 hxg4 34. Ne5 Rg8 35. Bxg8 Bf5 36. b4 c6 37. Nd7 Bg6 38. Bf4 Bf5 39. a4 Bd8 40. Kh2 Be7 41. f3 gxf3 42. gxf3 Bg6 43. Kg3 Bf5 44. Be3+ 1-0

[Event "GER-chT U12"]
[Site "Muenchen"]
[Date "2022.12.27"]
[Round "1"]
[White "Schwitkowski, Luka"]
[Black "Arndt, Niklas"]
[Result "1-0"]
[WhiteElo "1539"]
[BlackElo "1171"]
[PlyCount "47"]
[EventDate "2022.12.26"]
[EventType "team-swiss"]
[EventRounds "7"]
[EventCountry "GER"]
[SourceTitle "CBM 212 Extra"]
[Source "ChessBase"]
[SourceDate "2023.03.31"]
[SourceVersion "1"]
[SourceVersionDate "2023.03.31"]
[SourceQuality "1"]
[WhiteTeam "Erkenschwick"]
[BlackTeam "Heilbronn"]
[WhiteTeamCountry "GER"]
[BlackTeamCountry "GER"]

1. e4 e5 2. Nf3 Nc6 3. Bb5 d6 4. d4 exd4 5. Nxd4 Bd7 6. Bxc6 bxc6 7. 0-0 Nf6 8. Nc3 g6 9. Bg5 Be7 10. f4 Ng4 11. Bxe7 Qxe7 12. Qf3 Qf6 13. Rad1 c5 14. Ndb5 0-0 15. Nxc7 Rac8 16. N7d5 Qh4 17. h3 Nh6 18. Ne3 Rfe8 19. Rxd6 Qe7 20. e5 f5 21. Ncd5 Qf8 22. Rxd7 c4 23. Nf6+ Kh8 24. Rxh7# 1-0